Most Popular Car Brand by US State - Statistics

General Stats
  • This quiz has been taken 231 times
  • The average score is 40 of 50
Answers on the Map
Answers color-coded by a green-red scale on the quiz's map according to % correct below.
 
Answer Stats
Hint Answer % Correct
Arkansas Ford
97%
Idaho Ford
97%
Kansas Ford
97%
Louisiana Ford
97%
Mississippi Ford
97%
Missouri Ford
97%
Nebraska Ford
97%
New Mexico Ford
97%
North Dakota Ford
97%
Oklahoma Ford
97%
Pennsylvania Ford
97%
South Dakota Ford
97%
Tennessee Ford
97%
Texas Ford
97%
Utah Ford
97%
Wyoming Ford
97%
Alabama Toyota
91%
Florida Toyota
91%
Georgia Toyota
91%
Hawaii Toyota
91%
North Carolina Toyota
91%
Rhode Island Toyota
91%
South Carolina Toyota
91%
Deleware Chevrolet
81%
Illinois Chevrolet
81%
Indiana Chevrolet
81%
Iowa Chevrolet
81%
Kentucky Chevrolet
81%
Michigan Chevrolet
81%
Minnesota Chevrolet
81%
New Hampshire Chevrolet
81%
Ohio Chevrolet
81%
West Virginia Chevrolet
81%
Wisconsin Chevrolet
81%
California Honda
81%
Maryland Honda
81%
Massachusetts Honda
81%
New Jersey Honda
81%
New York Honda
81%
Virginia Honda
81%
Vermont GMC
43%
Colorado Subaru
43%
Conneticut Subaru
43%
Maine Subaru
43%
Washington Subaru
43%
Alaska Ram
39%
Arizona Ram
39%
Montana Ram
39%
Nevada Ram
39%
Oregon Ram
39%
No matching quizzes found
Score Distribution
Percent of People with Each Score
Percentile by Number Answered
Your Score History
You have not taken this quiz